History Quiz

Random History or Famous Quiz
Score 0/20 Timer 06:00
0 Plays Today
% Correct
Martin Luther King, Jr.
97.2%
Bob Dylan
83.7%
Sammy Davis, Jr.
77.5%
Ossie Davis
70.5%
Marlon Brando
64.9%
Jesse Jackson
63.2%
Paul Newman
58%
Peter, Paul, and Mary
57.3%
Charlton Heston
57%
Sidney Poitier
55%
% Correct
Joan Baez
51.7%
Harry Belafonte
47.9%
Jackie Robinson
30.3%
Burt Lancaster
19.5%
Bill Russell
17.4%
John Lewis
17.1%
James Baldwin
14.4%
Marian Anderson
10.8%
Bayard Rustin
6.5%
A. Philip Randolph
5.6%
Remove Ads.
Support Sporcle.
Get the best of Sporcle when you Go Orange. This ad-free experience offers more features, more stats, and more fun while also helping to support Sporcle. Thank you for becoming a member.

You're not logged in!

Compare scores with friends on all Sporcle quizzes.
OR
Log In

Show Comments

Extras

Top Quizzes Today


Score Distribution

Your Account Isn't Verified!

In order to create a playlist on Sporcle, you need to verify the email address you used during registration. Go to your Sporcle Settings to finish the process.

Report this User

Report this user for behavior that violates our Community Guidelines.

Details: